000 00599nam a22002177a 4500
003 DO-SdBNP
005 20221116131840.0
007 ta
008 210602b2020 dr ||||| |||| 00| 0 spa d
020 _a9789945616569
040 _aDO-SdBNP
_bspa
_cBNPHU
082 4 _222
100 1 _aRomán Félix, Rafael
_978735
245 1 0 _aInsonoro verbo /
_cRafael Román Féliz
260 _aSanto Domingo :
_bFUNGLODE,
_c2020.
300 _a98 p. ;
_c23 cm.
590 _aInventariado, 2022/BT
590 _aPremio Funglode de Poesía Pedro Mir 2019
910 _aBtavárez
942 _2ddc
_cLBS1
999 _c49876
_d49876